000 00637nam a2200181Ia 4500
003 GCL
005 20240530103351.0
008 140319s9999 xx 000 0 ara d
040 _aGCL /
_cGCL
082 0 4 _b953.07
_bم و
100 1 _aمحمد ماهر حمادة
245 1 2 _aالوثائق السياسية والادارية فى الاندلس وشمال افريقية 897-64 هـ 1492-683 م /
_cمحمد ماهر حمادة
300 _a540 ص
490 0 _aسلسلة وثائق الاسلام ؛
_v7
650 0 4 _aالدولة الاسلامية - تاريخ
650 0 4 _aالاندلس - تاريخ
942 _2ddc
_cBK
999 _c38853
_d38853